000
00318nam a2200109Ia 4500
008
200302s9999 xx 000 0 und d
100
_a
Erick Templeman and Others
245
_a
Manufacturing and Design /Understanding the Principles of How Things are made
260
_b
Elsevier /london
260
_c
2014
300
_a
297
999
_c
3659
_d
3659